00544nam a2200157 a 450000500170000000800410001702000180005805000230007610000150009924500550011426000440016930000090021344000320022299900190025495201130027320140412111326.0110105s19uu xx 00 eng d a1-58634-060-3 aTR(PS EbPl69 1983 aBerry, Joy aLet's talk about playing with others /cJoy Berry. aArizona :bGold star publishing,c1983. a32p. aAn early social skills book c104674d104674 001040aELbELcTRd2011-01-05eLib. Fundl0oTR(PS E Pl69 1983pE8441r2014-04-12 00:00:00w2014-04-12yBK